| 000 | 01072nam a22003377a 4500 | ||
|---|---|---|---|
| 003 | CHAP | ||
| 005 | 20220329141435.0 | ||
| 008 | 971013s1988 r 00010 d | ||
| 010 | _a68164 | ||
| 011 | _a69136 | ||
| 035 | _a78611 | ||
| 040 | _cCHAP | ||
| 090 | _aTesis | ||
| 100 | 0 | 0 |
_aHeredia García, Elena. _953712 |
| 245 | _aEvaluación de calidad y rendimiento de ocho selecciones clonales y dos variedades de ajo (Allium sativum L.) | ||
| 260 |
_aChapingo, Méx. : _bEl autor, _c1988 |
||
| 300 | _a49 h. | ||
| 500 | _a27-47 | ||
| 502 | _aTesis (Ing. Agrónomo Esp. en Fitotecnia) -- UACH. | ||
| 590 |
_aALEPH _b10 _c20130110 _lUCH01 _h1404 |
||
| 590 |
_aBATCH-UPD _b10 _c20130110 _lUCH01 _h0714 |
||
| 590 |
_aBATCH-UPD _b10 _c20130410 _lUCH01 _h0359 |
||
| 590 |
_aBATCH-UPD _b10 _c20130913 _lUCH01 _h2337 |
||
| 590 |
_aCONVERSION _b10 _c20130109 _lUCH01 _h1337 |
||
| 650 | 1 | 4 |
_aAjo _xGenética. _93191 |
| 650 | 1 | 4 |
_aAjo _xRendimiento. _93210 |
| 650 | 1 | 4 |
_aAjo _xVariedades. _93217 |
| 901 | _aBK | ||
| 942 | _cTESIS | ||
| 949 |
_bBC _cTES _d-31485 _eTS1 _h20997 _i78611 _si |
||
| 999 |
_c68164 _d68164 |
||